000 00580nam a2200205 a 4500
005 20241207063742.0
008 030814s1999 mx r 000 0 spa d
020 _a8483162369
035 _aUPN01000127932
049 _aCG
050 4 _aHM101
_bA5.42
100 1 _aAnder-Egg, Ezequiel,
_d1930-
_928724
245 1 3 _aEl léxico del animador /
_cEzequiel Ander-Egg.
260 _aMadrid :
_bCCS,
_c1999.
300 _a87 p.
440 0 _aEscuela de animación ;
_v20
650 2 _aAnimación sociocultural
_91050
650 4 _aDesarrollo de la comunidad
_9458
905 _aLibro
999 _c100111
_d100111